01429naa a22003137a 4500001001000000003000900010005001700019007000300036008003400039040005400073041000900127072002000136090001800156100001800174100002100192245024700213260003800460500014200498650003300640650002000673650001400693650002700707650002500734773013900759909003600898942001400934999001900948952014800967BR8205661BR-BrBNA20240918175202.0ta230509b bl.||||| |||| 00| 0 por d aBR-BrBNAbporcBiblioteca Nacional de Agricultura a(Pt) aL10b6100bG514 aL10 BR82056611 aSchmidt, G.S.1 aCustodio, R.W.S.1 aEfeito do tempo de estocagem, fumigacao dos ovos e diferencas entre populacoes, matrizes e avos no resultado de uma incubacao (experimento 1)[melhoramento genetico animal, frango de corte, inseminacao artificial, banco de germoplasma, Brasil]3 aPiracicaba, SP (Brasil): c1982.  aRelatorio cientifico da Escola Superior de Agricultura Luiz de Queiroz. 1981 Piracicaba, SP (Brasil): 1982. p. 207-213 (BR8205661-AM)L10  aMELHORAMENTO GENETICO ANIMAL aFRANGO DE CORTE aINCUBACAO aINSEMINACAO ARTIFICIAL aBANCO DE GERMOPLASMA0 tRelatorio cientifico da Escola Superior de Agricultura Luiz de Queiroz. 1981wL10 BR8205661gPiracicaba, SP (Brasil), 1982. p. 207-213 a202404bLuciac55dLucia Elande cAM2AGRIS c315462d315462 002AGRIS40708Acervo Gerala41918b41918cAgrobasel0oF30 BR8205640r2024-05-20t01yAM10d2024-04-11ePortaria Interministerial nÂș 164/94